000 01631nam a22004577a 4500
003 CHAP
005 20220817043947.0
008 040923d2003 ii r 00110 eng d
010 _a88841
011 _a89813
020 _a9290905050
035 _a100364
040 _cCHAP
090 _aFolleto 16777
100 0 0 _aHussain, Intizar.
_957005
245 1 0 _aLand and water productivity of wheat in the western Indo-Gangetic plains of India and Pakistan :
_ba comparative analysis
_c/by Intizar Hussain (and others)
260 _aColombo, Sri Lanka :
_bInternational Water management Institute,
_c2003.
300 _a50 p. ;
_bgráfs.
410 0 0 _aInternational Water Management Institute
490 0 _aResearch report
_v; 65
590 _aBATCH-UPD
_b10
_c20130110
_lUCH01
_h0123
590 _aBATCH-UPD
_b10
_c20130110
_lUCH01
_h0717
590 _aBATCH-UPD
_b10
_c20130410
_lUCH01
_h0453
590 _aBATCH-UPD
_b10
_c20130914
_lUCH01
_h1122
590 _aBATCH-UPD
_b10
_c20141001
_lUCH01
_h1312
590 _aCONVERSION
_b10
_c20130109
_lUCH01
_h1349
650 1 4 _aAgua subterranea.
_92456
650 1 4 _aAgua
_xUtilización.
_92401
650 1 4 _aCultivos
_xIrrigación.
_930287
650 1 4 _aSistemas de riego.
_9106772
650 1 4 _aSuelos salinos.
_9110558
650 1 4 _aTierras
_xTenencia.
_9113130
650 1 4 _aTrigo
_xIndia.
_9115041
650 1 4 _aTrigo
_xPakistán.
_9115072
810 0 0 _aInternational Water Management Institute
830 0 _aResearch report
_v; 65
_996080
901 _aBK
905 _aAlejandra Carrasco M.
942 _cFOLL
949 _aFolleto 16777
_bBC
_cFOLL
_d33724002001413
_eTS1
_i100364
_sb
999 _c88841
_d88841